00313nam a2200121Ia 4500008004100000040001700041041001200058082001700070100002100087245003500108260003100143300001700174230917s9999||||xx |||||||||||||| ||und|| e220483aMAIN aEnglish a362.61 T188V aTater, Sohan Raj 0aVarishth nagrik jeevan darshan aJaipurbGranth Vikasc2014 axvii, 238 p.